Normal view
MARC view
- THOMAS,FAHERTY KEITH
Entry Personal Name
001 - CONTROL NUMBER
- control field: 89152
003 - CONTROL NUMBER IDENTIFIER
- control field: NUST
005 - DATE AND TIME OF LATEST TRANSACTION
- control field: 20220217163820.0
008 - FIXED-LENGTH DATA ELEMENTS
- fixed length control field: 220217|| aca||aabn | a|a d
040 ## - CATALOGING SOURCE
- Original cataloging agency: NUST
- Transcribing agency: NUST
100 ## - HEADING--PERSONAL NAME
- Personal name: THOMAS,FAHERTY KEITH
670 ## - SOURCE DATA FOUND
- Source citation: Work cat.: (NUST): THOMAS,FAHERTY KEITH., WOOD ENGINEERING CONSTRUCTION HAND BOOK /, 1989
